000 00365nam a2200157Ia 4500
008 230917s9999||||xx |||||||||||||| ||und||
040 _e66018
_aMAIN
041 _aEnglish
082 _a150 F391B
100 _aFernald, L Dodge
245 0 _aBasic psyhology
250 _a5th ed.
260 _aDobuque
_bWm C Brown
_c1985
300 _axxii, 534 p.
942 _cBK
999 _c59351
_d59351